000 00680nam a2200217Ia 4500
999 _c37726
_d37726
001 3701
003 GE_BSU
005 20190627192516.0
008 181216s2011||||ge |||||||||||||| ||eng||
020 _a9789941174957
040 _cGE_BSU
041 _aeng
080 _a347.918(479.22) T-89
100 _aTsertsvadze, Giorgi
_93010
245 _aBrief commentary to the Georgian arbitration law, 2009 /
_cGiorgi Tsertsvadze.
264 _aTbilisi :
_bUniversal,
_c2011.
300 _a250 p.
_b20 см.
505 _aBibliogr.: pp. 226-249
653 _a საარბიტრაჟო სამართალი საქართველოში
942 _cBK
_2udc